Places To Study
There are group study rooms, individual study carrels, computer labs, and other spaces to study in the Libraries.
Reserve A Group Room| 000 -LEADER | |
|---|---|
| fixed length control field | 01064nam a22001937a 4500 |
| 003 - CONTROL NUMBER IDENTIFIER | |
| control field | OSt |
| 005 - DATE AND TIME OF LATEST TRANSACTION | |
| control field | 20251110143736.0 |
| 008 - FIXED-LENGTH DATA ELEMENTS--GENERAL INFORMATION | |
| fixed length control field | 251004b |||||||| |||| 00| 0 eng d |
| 040 ## - CATALOGING SOURCE | |
| Transcribing agency | DCL |
| 082 ## - DEWEY DECIMAL CLASSIFICATION NUMBER | |
| Classification number | ၂၉၄.၃၆၅၇ |
| 100 0# - MAIN ENTRY--PERSONAL NAME | |
| Personal name | ဣန္ဒာစာရာဘိဝံသ၊ |
| Titles and words associated with a name | အရှင် |
| 245 1# - TITLE STATEMENT | |
| Title | မနောရထပူရဏီ / |
| Statement of responsibility, etc. | အရှင်ဣန္ဒာစာရာဘိဝံသ။ |
| 260 ## - PUBLICATION, DISTRIBUTION, ETC. | |
| Place of publication, distribution, etc. | စစ်ကိုင်း ၊ |
| Name of publisher, distributor, etc. | မြစကြာကျောင်းတိုက်၊ |
| Date of publication, distribution, etc. | ၂၀၂၃။ |
| 300 ## - PHYSICAL DESCRIPTION | |
| Extent | ၆၅၅ စာမျက်နှာ ၊ |
| Dimensions | ၂၇ စင်တီ။ |
| 500 ## - GENERAL NOTE | |
| General note | မြစကြာဆရာတော် အရှင်လက္ခဏ၏ သက်တော် ၇၅နှစ်ပြည့် အထိမ်းအမှတ်စာစောင် |
| 650 ## - SUBJECT ADDED ENTRY--TOPICAL TERM | |
| Topical term or geographic name entry element | မြစကြာကျောင်းတိုက် |
| Form subdivision | အထိမ်းအမှတ်စာစောင် |
| 650 ## - SUBJECT ADDED ENTRY--TOPICAL TERM | |
| Topical term or geographic name entry element | မြစကြာကျောင်းတိုက် |
| 942 ## - ADDED ENTRY ELEMENTS (KOHA) | |
| Source of classification or shelving scheme | Dewey Decimal Classification |
| Koha item type | Short Term |
| Suppress in OPAC | No |
| Withdrawn status | Lost status | Source of classification or shelving scheme | Damaged status | Not for loan | Collection | Accession No. | Home library | Current library | Shelving location | Date acquired | Total checkouts | Full call number | Barcode | Date last seen | Price effective from | Koha item type |
|---|---|---|---|---|---|---|---|---|---|---|---|---|---|---|---|---|
| Dewey Decimal Classification | Myanmar Collection | ၃၁၉၃ | Dhammadhara | Dhammadhara | Myanmar Shelves | 04/10/2025 | ၂၉၄.၃၆၅၇ ဣန် ၃၁၉၃ | MB00003193 | 04/10/2025 | 04/10/2025 | Short Term |